<?xml version="1.0" encoding="UTF-8"?>
<collection xmlns="http://www.loc.gov/MARC21/slim">
 <record>
  <leader>00741nam a2200157 a 4500</leader>
  <controlfield tag="001">1/27503</controlfield>
  <controlfield tag="008">050729s2002    gr            00010 gre d</controlfield>
  <datafield tag="035" ind1=" " ind2=" ">
   <subfield code="l">29363</subfield>
  </datafield>
  <datafield tag="082" ind1="0" ind2="0">
   <subfield code="a">336.2714 ΓΕΡ</subfield>
  </datafield>
  <datafield tag="100" ind1="1" ind2=" ">
   <subfield code="a">Γέροντας, Απόστολος.</subfield>
  </datafield>
  <datafield tag="245" ind1="1" ind2="0">
   <subfield code="a">Φόρος προστιθέμενης αξίας:</subfield>
   <subfield code="b">Εθνικές και κοινοτικές ρυθμίσεις (κωδικοποίηση) /</subfield>
   <subfield code="c">Απ. Γέροντας, Αθ. Ψάλτης</subfield>
  </datafield>
  <datafield tag="260" ind1="0" ind2=" ">
   <subfield code="a">Αθήνα:</subfield>
   <subfield code="b">Βασ. Ν. Κατσαρού,</subfield>
   <subfield code="c">2002</subfield>
  </datafield>
  <datafield tag="300" ind1=" " ind2=" ">
   <subfield code="a">164 σ. ;</subfield>
   <subfield code="c">25 εκ.</subfield>
  </datafield>
  <datafield tag="650" ind1=" " ind2="4">
   <subfield code="a">Φόρος Προστιθέμενης Αξίας.</subfield>
  </datafield>
  <datafield tag="700" ind1="1" ind2=" ">
   <subfield code="a">Ψάλτης, Αθ.</subfield>
  </datafield>
  <datafield tag="852" ind1=" " ind2=" ">
   <subfield code="a">INST</subfield>
   <subfield code="b">UNIPILB</subfield>
   <subfield code="c">MAIN</subfield>
   <subfield code="e">20050729</subfield>
   <subfield code="h">336.2714 ΓΕΡ</subfield>
   <subfield code="p">00148831</subfield>
   <subfield code="q">00148831</subfield>
   <subfield code="t">LOAN</subfield>
   <subfield code="y">0</subfield>
   <subfield code="4">1</subfield>
  </datafield>
 </record>
</collection>
